000 00358nam a2200145Ia 4500
008 230917s9999||||xx |||||||||||||| ||und||
040 _e114185
_aMAIN
041 _aEnglish
082 _a589.3 A31A
100 _aAndersen, Robert A
245 0 _aAlgal culturing techniques
260 _aBurlinton
_bAcademic Press
_c2005
300 _a578 p.
942 _cBK
999 _c139099
_d139099